| 000 | 00434nam a2200121Ia 4500 | ||
|---|---|---|---|
| 008 | 171212s9999 xx 000 0 und d | ||
| 020 | _a9780874211917 | ||
| 245 |
_ceditor Walker, Barbara _aOut Of The Ordinary _bFolklore and the Supernatural |
||
| 260 |
_bUniversity Press of Colorado _c1995 |
||
| 650 | _aAnthropology | ||
| 650 | _aFolklore; Supernatural; Folklore -- United States | ||
| 856 | _uwww.jstor.org/stable/10.2307/j.ctt46nwn8 | ||
| 999 |
_c353138 _d353138 |
||